000
00299nam a2200121Ia 4500
008
220204s9999 xx 000 0 und d
082
_a
339.564
_b
PAR
100
_a
PARAS RAM
245
0
_a
Export : What, where, how
260
_a
Delhi
_b
Anupama pub
_c
1974
650
_a
Export procedures
942
_c
BK
999
_c
24715
_d
24715